000 00537nam a2200181Ia 4500
003 GCL
008 140319s9999 xx 000 0 ara d
040 _aGCL /
_cGCL
082 0 4 _a332.401
_bح ف
100 1 _aحمدى الصباحى
245 1 0 _aفى التعريف بالنقود /
_cحمدى الصباحى
260 _a[S.N] :
_bدار الحداثة
490 _aالسلسلة الاقتصادية
_v0
650 0 4 _aالاقتصاد
650 0 4 _aالنقود
650 0 4 _aالاوراق المالية
942 _2ddc
_cBK
999 _c44406
_d44406